000 00603nam a22001577a 4500
008 170308b xxu||||| |||| 00| 0 eng d
082 _22016
_aUT 0727
_bF76
100 _919143
_aFormentera, Helen G.
245 _aEmotional Intelligence and Academic Achievements of Grade 7 in Digos City National High School.
_cHelen G. Formentera, Glaiza E. Giger and Lea A. Bringuer.
300 _a38 pages;
_b29 cm.
650 0 _919144
_aEducation
_vEnglish
_xUndergraduate Thesis.
700 _919147
_aFormentera, Helen G.
700 _919146
_aGiger, Glaiza E.
700 _919148
_aBringuer, Lea A.
942 _2ddc
_cUT
999 _c6365
_d6365